000 00488nam a22001697a 4500
005 20240826123146.0
008 240826b |||||||| |||| 00| 0 eng d
020 _a81-219-2660-2
082 _a621.3
_bCHA-F
100 _aTheraja, B. L
245 _aFundamentals of Electrical Engineering and Electronics :
_cby B. L. Theraja
260 _aIndia :
_bS.Chand ;
_c1961
300 _axx, 841 p. :
_c24 cm
500 _aInclude Index.
650 _aEngineering / Electrical
999 _c36461
_d36461